LEADER 01591nam 2200349 n 450 001 996395580703316 005 20221107141559.0 035 $a(CKB)3810000000011193 035 $a(EEBO)2240870669 035 $a(UnM)9958232700971 035 $a(EXLCZ)993810000000011193 100 $a19930517d1684 uy 101 0 $alat 135 $aurbn||||a|bb| 200 10$aScholia in librum Plutarchi$b[electronic resource] $ePeri paido?n ago?ge?s, seu De liberorum educatione. Quibus is nova? methodo, quoad verbum & sensum Latine? redditur: Graecismis ac in primis Atticismis, qui hi?c frequenter occurrunt, locupletatur: sententiis, e? quibus vitae prudenter instituendæ rationem, ac modum acquiras, augetur: phrasibus loquendi?que formulis acquirendae copiae, ac clariu?s intelligendi textu?s causa? ornatur: notis denique passim illustratur, ac ab omni obscuritate, ac difficultate vindicatur. Studio & opera? Georg. Sylvani pan. med 210 $aLondini, $cTypis Johannis Heptinstall, impensis authoris.$d1684 215 $a[1]+ p 300 $aThe words "Peri paidò„n agò„gè„s" in the title are in Greek characters. 300 $aFragment: title page only. 300 $aReproduction of original in the British Library. 330 $aeebo-0018 700 $aSylvanus$b Georgius$01001888 701 $aPlutarch$0758642 801 0$bCu-RivES 801 1$bCu-RivES 801 2$bUk-ES 801 2$bCStRLIN 801 2$bCu-RivES 906 $aBOOK 912 $a996395580703316 996 $aScholia in librum Plutarchi .$92355328 997 $aUNISA LEADER 00731nam a2200217 i 4500 001 991004305134507536 005 20240131123852.0 008 240131s2022 it a er 001 0 ita 020 $a9788843047208 040 $aBibl. Dip.le Aggr. Scienze Umane e Sociali - Sez. Studi Storici 082 04$a370.113 082 04$a331.2592 100 1 $aSantoni Rugiu, Antonio$050376 245 00$aBreve storia dell'educazione artigiana /$cAntonio Santoni Rugiu 260 $aRoma :$bCarocci,$c2008 300 $a179 p. :$bill. ;$c22 cm 490 1 $aQuality paperbacks ;$v259 650 4$aArtigiani$xIstruzione professionale$xStoria 912 $a991004305134507536 996 $aBreve storia dell'educazione artigiana$91112233 997 $aUNISALENTO